|
|
|
|
| LEADER |
00000cam a2200000 7i4500 |
| 001 |
0000083283 |
| 005 |
20190324.0 |
| 008 |
190324 |
| 020 |
|
|
|a 9789676902863
|
| 041 |
0 |
|
|a Malay
|
| 090 |
0 |
0 |
|a 492.739923
|b KAM
|
| 245 |
0 |
0 |
|a Kamus al-Kautsar lengkap Arab-Melayu
|
| 260 |
|
|
|a Selangor :
|b Thinker's Library Sdn Bhd ,
|c 1990
|
| 300 |
|
|
|a 564p. ;
|c 22.7cm.
|
| 541 |
0 |
0 |
|c Purchased on 2018
|f 00296 TSR
|h RM31.00
|
| 650 |
|
0 |
|a Arabic languages
|x Dictionaries
|
| 700 |
1 |
|
|a Al-Habsyi, Husin
|
| 999 |
|
|
|a 0001567956
|b Book
|c Adult Collection
|e Cawangan Bandar Tenggara
|
| 999 |
|
|
|a 0001567957
|b Book
|c Adult Collection
|e Cawangan Batu Pahat
|
| 999 |
|
|
|a 0001567958
|b Book
|c Adult Collection
|e Cawangan Mersing
|
| 999 |
|
|
|a 0001567959
|b Book
|c Adult Collection
|e Cawangan Bandar Penawar
|
| 999 |
|
|
|a 0001567960
|b Book
|c Adult Collection
|e Cawangan Muar
|
| 999 |
|
|
|a 0001567961
|b Book
|c Adult Collection
|e Cawangan Taman Universiti
|
| 999 |
|
|
|a 0001567962
|b Book
|c Adult Collection
|e Cawangan Pontian
|
| 999 |
|
|
|a 0001567963
|b Book
|c Adult Collection
|e Cawangan Kota Tinggi
|
| 999 |
|
|
|a 0001567964
|b Book
|c Adult Collection
|e Cawangan Tmn. Ungku Tun Aminah
|
| 999 |
|
|
|a 0001567965
|b Book
|c Adult Collection
|e Cawangan Bukit Gambir
|
| 999 |
|
|
|a 0001567967
|b Book
|c Adult Collection
|e Cawangan Taman Sri Lambak
|
| 999 |
|
|
|a 0001567968
|b Book
|c Adult Collection
|e Cawangan Segamat
|
| 999 |
|
|
|a 0001567969
|b Book
|c Adult Collection
|e Cawangan Tangkak
|
| 999 |
|
|
|a 0001568058
|b Book
|c Adult Collection
|e Perbadanan Perpustakaan Awam Johor
|
| 999 |
|
|
|a 0001568059
|b Book
|c Adult Collection
|e Cawangan Urban Transformation Centre
|
| 999 |
|
|
|a 0001568060
|b Book
|c Adult Collection
|e Cawangan AEON Kulaijaya
|